00386nam a2200133Ia 4500008004100000041000800041082002000049100003800069245006900107260003200176300000900208502001800217999001700235230128s9999 xx 000 0 und d aeng aCHA PR0442bCHA aChavan Pooja M - 2K910259118938 aCorporate Social Responsibility at Walchandnagar Industries Ltd. c2011bPune UniversityaPune a111p cGaikwad Anand c97236d97236